O sol quentinho (Registo nº 1879)
[ vista simples ]
| 000 -Etiqueta do registo | |
|---|---|
| Cabeçalho | 00821nam a22002771 4500 |
| 005 - Identificador da versão | |
| Campo de controlo | 20240813121918.0 |
| 010 ## - Número internacional normalizado dos livros (ISBN) | |
| Número (ISBN) | 9727508464 |
| 021 ## - Número do Depósito Legal | |
| Código do país | PT |
| Número | 163490/01 |
| 100 ## - Dados gerais de processamento | |
| Dados gerais de processamento | 20070521d2001 bc y0pory5003 ba |
| 102 ## - Pais de publicação ou produção | |
| País de publicação | Portugal |
| 101 1# - Língua de publicação | |
| Língua do texto, banda sonora, etc. | Português |
| Língua do documento no original | Espanhol |
| 106 ## - Campo de dados codificados: material textual | |
| Dados codificados do material textual | r |
| 105 ## - Campo de dados codificados: livros | |
| Dados codificados dos livros | a z 000fy |
| 215 ## - Descrição física | |
| Indicação específica da natureza do documento e extensão da espécie | 45, [3] p. |
| Outras indicações físicas | il. |
| Dimensões | 21 cm |
| 200 1# - Titulo e menção de responsabilidade | |
| Título próprio | O sol quentinho |
| Primeira menção de responsabilidade | Anabela Batista |
| Outras menções de responsabilidade | il. Marta Torrão |
| 225 2# - Colecção | |
| Título próprio da colecção | Montanha encantada |
| Informação de outro título da colecção | primeiros leitores |
| Menção de responsabilidade relativa à colecção | coord. Carla Rodrigues Pires |
| 210 ## - Publicação, Distribuição, etc. | |
| Lugar da edição, distribuição, etc. | Rio de Mouro |
| Nome do editor, distribuidor, etc. | Everest |
| Data da publicação, distribuição, etc. | imp. 2001 |
| 606 ## - Nome comum usado como assunto | |
| Número de registo de entrada de autoridade | 0000001 |
| Palavra de ordem | Literatura estrangeira infantil |
| Subdivisão de assunto | Conto |
| 675 ## - Classificação Decimal Universal (CDU) | |
| Notação | 82-34 |
| Edição | 2ª |
| Língua da edição | por |
| 701 #1 - Nome de autor-pessoa física (co-responsabilidade principal) | |
| Palavra de ordem | Torrão |
| Outra parte do nome não tomada para palavra de ordem | Marta |
| Código de função | Ilustrador / Técnico de desenho computorizado |
| 700 #1 - Nome de autor-pessoa física (responsabilidade principal) | |
| Número de registo de entrada de autoridade | 0000435 |
| Palavra de ordem | Batista |
| Outra parte do nome não tomada para palavra de ordem | Anabela |
| Datas | 1973- |
| 942 ## - Elementos de entrada adicionados (Koha) | |
| Tipo de item no Koha | Livro |
| Situação do levantamento | Origin of item (home branch) (coded) | Biblioteca de empréstimo | Código de barras | Cota | Circulation type (not for loan) | Tipo de documento | Nota do exemplar | Damaged status |
|---|---|---|---|---|---|---|---|---|
| Biblioteca Escolar da Coca Maravilhas | Biblioteca Escolar da Coca Maravilhas | BECM5722/02 | 8EST BAT | Livro | Sem mensagem |
